The sounds of poetry : a brief guide /
Uložené v:
| Hlavný autor: | |
|---|---|
| Médium: | Kniha |
| Jazyk: | English |
| Vydané: |
New York :
Farrar, Straus and Giroux,
1998
|
| Vydanie: | 1st ed. |
| Témy: | |
| ISBN: |
0374526176 (brož.) |
| Fyzický popis: |
129 s. : portrét ; 19 cm |
| Tagy: |
Pridať tag
Žiadne tagy, Buďte prvý kto otaguje tento záznam!
|
Titul je dostupný aj v ... 

MARC
| LEADER | 00000nam a2200000 a 4500 | ||
|---|---|---|---|
| 001 | 000000052 | ||
| 005 | 20050513124041.0 | ||
| 008 | 040217s1998 xxu j engo | ||
| FMT | |||
| 020 | |a 0374526176 (brož.) | ||
| 040 | |a SVKKK |b slo |c SVKKK |e AACR2 | ||
| 041 | 0 | |a eng | |
| 044 | |a xxu |c US | ||
| 072 | 7 | |a 808 |x Literárny štýl. Literárna činnosť a technika. Efektívne využívanie jazyka. Spisovateľská činnosť |2 konspekt | |
| 080 | |a 808.54 |2 1997 | ||
| 080 | |a (048.8) |2 1997 | ||
| 100 | 1 | |a Pinsky, Robert |4 aut | |
| 245 | 1 | 0 | |a The sounds of poetry : |b a brief guide / |c Robert Pinsky |
| 250 | |a 1st ed. | ||
| 260 | |a New York : |b Farrar, Straus and Giroux, |c 1998 | ||
| 300 | |a 129 s. : |b portrét ; |c 19 cm | ||
| 504 | |a Obsahuje register. Poznámky | ||
| 650 | 0 | 7 | |a interpretácia poézie |2 SVKKKPH |
| 655 | 7 | |a štúdie |2 SVKKKPH | |
| 655 | 7 | |a príručky |2 SVKKKPH | |
| 919 | |a 0-374-52617-6 | ||
| 998 | |a BK | ||
| Z30 | 1 | |l SCK01 |l SCK01 |m BOOK |1 SCKUS |2 SK20 |b Americké centrum |3 I.72726 |9 25 - Beletria (americká_P) - |6 959472 |q 20040217 |5 2720020308 |8 20040217 |g EMPTYKNIHA |f 80 |s Voľný výber |g 000000054 |h SCKUS |z 428.40 |t 20231018 |u 0922 |w 000000052 |x 000010 |r GZ |r 005 | |
| a02 | 0 | |a 0374526176 (brož.) | |
| 090 | |g SCKUS |k Americké centrum |a I.72726 |j 959472 |i 2720020308 |s Voľný výber |r 005 | ||